000 00521nam a22001697a 4500
005 20251108165523.0
008 250721s9999 xx 000 0 ara d
082 1 4 _aم/910.4/تون
100 1 _aالتونسي، محمد بيرم الخامس
245 1 0 _aصفوة الاعتبار بمستودع الأمصار و الاقطار /
264 1 _aبيروت :
_bدار صادر،
_c[19-].
300 _a5ج في مجلدين
650 1 7 _aالرحلات
650 1 7 _aسفر
942 _2ddc
_cREF
999 _c29850
_d29850